1204 1658 1513 1666 1167 1175 1661 1586 1943 1765 1666 1014 1010 1348 1795 1271 1476 1877 1518 1875 1462 1539 1293 1094 1497 1595 1938 1277 1514 1256 1656 1307 1456 1121 1725 1659 1046 1310 1322 1575 1263 1982 1779 1150 1885 1602 1935 1673 1091 1365 1791 1003 1221 1175 1718 1362 1919 1182 1604 1991 1740 1028 1500 1064 1494 1409 1453 1121 1727 1218 1045 1426 1925 1663 1942 1016 1244 1354 1746 1337 1848 1525 1158 1975 1942 1330 1773 1953 1364 1227 1267 1987 1288 1256 1759 1274 1339 1906 1444 BCNSPRNW ULIB Ver.6.0+V

เปลี่ยนเป็นภาษาไทย

Change to English
 แสดงรายละเอียดบรรณานุกรม
  กลับหน้าหลัก

Brief Record : Get Marc (ISO 2709) : E-mail record : QR code < ปิดหน้าต่าง
LEADER : 00000nam 2200000uu 4500
001    13399112026
003     ULIB
008    110627s2553||||th 000 0 tha d
020    9786167083087
090    นว.^bน494ร 2553
100 0  นาวิกา
245 00 ระบำอสูร/^cนาวิกา
250    พิมพ์ครั้งที่ 2
260    กรุงเทพฯ :^bบิวตี้บุ๊ค,^c2553
300    412 หน้า
710 1  บิวตี้บุ๊ค
945    ^p275^l0^i028093
995    ทศพร
999 ^a ใช้งานได้ทุกระบบ
รายการนี้ยังไม่มีแท็ก
คุณยังไม่ได้ล็อกอิน คุณสามารถมีกิจกรรมร่วมกับเว็บไซต์ได้ แต่ต้องล็อกอินก่อน ::
  ล็อกอิน

รายการสื่อสารสนเทศ

ลำดับที่ ประเภท เลขเรียก/บาร์โค้ด สถานที่ สถานะ
- ไม่พบข้อมูล -

BibComment


ยังไม่เคยถูกคอมเมนท์

คอมเมนท์ทรัพยากรรายการนี้
  คอมเมนท์: ระบำอสูร นาวิกา


 Copyright 2026. Bcnsprnw @Library